| 000 | 00751nam a2200241 a 4500 | ||
|---|---|---|---|
| 001 | 72179 | ||
| 003 | BD-RjUL | ||
| 005 | 20211209082224.0 | ||
| 008 | 170514s1959 enka b 000 0 eng | ||
| 035 | _a(BD-RjUL)72395 | ||
| 040 |
_aDLC _cNhD _dBD-RjUL _beng |
||
| 041 | _aeng | ||
| 082 |
_223 _a661.4 _bHAE 1959 |
||
| 100 | 1 |
_aHardie, D. W. F. _9213456 |
|
| 245 | 1 | 0 |
_aElectrolytic manufacture of chemicals from salt : _bPublished under the auspices of Imperial Chemical Industries Ltd. / _cD. W. F. Hardie |
| 260 |
_aLondon : _bOxford University Press, _c1959. |
||
| 300 |
_a73 p. : _bill. ; _c23 cm. |
||
| 504 | _aIncludes bibliography. | ||
| 650 | 0 |
_aSalt. _9209904 |
|
| 650 | 0 |
_aElectrolysis. _9213457 |
|
| 942 |
_2ddc _cBK |
||
| 999 |
_c72179 _d72179 |
||